| 000 | 01750nam a2200229Ia 4500 | ||
|---|---|---|---|
| 003 | Ost | ||
| 005 | 20260507075309.0 | ||
| 008 | 260507s9999||||xx |||||||||||||| ||und|| | ||
| 040 | _cfsecg | ||
| 041 | _aara | ||
| 082 | _a330 | ||
| 100 |
_aعبد الفتاح محمد، محمد _eمؤلف |
||
| 245 | 0 |
_aإدارة الجودة الشاملة بمنظمات الرعاية الاجتماعية / _c محمد عبد الفتاح محمد |
|
| 260 |
_aالاسكندرية: _bالمكتب الجامعي الحديث, _c2008 |
||
| 300 |
_a336 صفحة؛ _c25 سم |
||
| 520 | _aمفاهيم و سمات و خصائص و أهداف المنظمات الاجتماعية مع مفهوم الجمعيات الاهلية تصنيفاتها و أهمية دراسة الجمعيات في الخدمة الاجتماعية و خصائص الجمعيات الاهلية المعاصرة ، فلسفتها ، تنظيمها الاداري و إشكالياتها ، خصائص و أهداف نظام الحكم في مصر و العلاقة بين المنظمات الاهلية و الحكومية ، المشكلات الادارية للمنظمات الاجتماعية مع تناول موضوع الادارة في الخدمة الاجتماعية و الاسس النظرية لادارة الجودة الشاملة مع نماذجها و مراحلها ، التنظيم الاداري و التخطيط الاداري ، التدريب و تنمية العاملين ، التمويل و الميزانية و أخيرا التطرق الى موضوع اتخاذ القرار. | ||
| 653 | _aالادارة | ||
| 653 | _aالإيزو | ||
| 653 | _aالخدمة الإجتماعية | ||
| 653 | _aضبط الجودة | ||
| 942 | _cكتاب | ||
| 999 |
_c43840 _d43840 |
||